Elden ring general knowledge + DLC - Statistics

General Stats
  • This quiz has been taken 2,099 times
    270 since last reset
  • The average score is 10 of 30
Answer Stats
Hint Answer % Correct
Which shardbearer is found in Caelid? Starscourge Radahn/Radahn/General Radahn
69%
What is the name of the players horse? Torrent
61%
which NPC grants the player the ability to level up? Melina
60%
What is the final boss of the game? Elden beast
56%
Which other character is Radagon fused with? Queen Marika
55%
Who is the final boss of Raya Lucaria? Rennala /Queen of the full moon
53%
Which remembrance boss is fought multiple times, in both the first and last areas of the game? Margit/Morgott
52%
Which NPC inhabits a dolls body? Ranni
49%
What is the lord of Blasphemy's true name? Rykard
47%
What is the only class that starts at level 1? Wretch
44%
What legendary sword is found in Caria manor? The sword of night and flame/ SONAF
43%
Prefix attached to most weapons that have a throwing attack. Smithscript
41%
What is the first boss encountered by the player? Grafted scion
39%
What is one of the 3 destinations of the belfries? Faraam azula, Siofra river, chapel of anticipation.
34%
who is the main NPC behind the finger questline? Ymir/ Count Ymir
33%
Name one item granted by the rememberance of Godrick Axe of Godrick/Grafted Dragon
32%
What cardinal sin does the player commit to access the Erdtree? Burning the Erdtree/Set the Erdtree aflame/ Burn the Erdtree
31%
What is the name of the DLC specific scaling item for summoned units and your mount? Revered spirit ash
29%
What is the only remembrance boss in the DLC that is fought twice? Dancing Lion/ Divine beast
28%
What is the name of the incantation from the final boss of the DLC? Light of Miquella
27%
The two main Antagonists of the DLC. Miquella and Messmer/ Messmer and Miquella
27%
Name any 1 NPC that may aid you in the final NPC skirmish in Enir Ilim Ansbach/ Thiolier/ Nataan
24%
Who's death set the shattering into motion? Godwyn the Golden
19%
What is the main enemy type in Caria manor? Spider hand/lesser spider hand/fingercreeper
15%
This enemy is a reimagining of a previous fromsoft enemy found in Bloodborne, in elden ring it is found only in the Abyssal woods. Aging untouchable
14%
What is the catacomb where the Knights lightning spear is found? Scorpion river
10%
What item allows the player to alter certain weapon skills to other skills Whetstone knife
9%
What is the name of the dungeon the player begins in? (discounting the chapel of anticipation) Stranded graveyard
8%
New replenishing consumable class Great pots/ Giant pots/ hefty pots
5%
And what is the name of the serpent he fed himself to? Eiglay
4%
No matching quizzes found
Score Distribution
Percent of People with Each Score
Percentile by Number Answered
Your Score History
You have not taken this quiz since the last reset